Alle deutschen Außenminister/innen seit 1951 - Statistiken

Allgemein
  • Dieses Quiz wurde 61 mal gespielt
    28 seit der letzten Aktualisierung
  • Das Durchschnittsergebnis liegt bei 12 aus 17
Antwortstatistiken
Wirkungszeit Partei Minister % Korrekt
1998-2005 Grüne Joschka Fischer
100%
2021-2025 Grüne Anna-Lena Baerbock
90%
1974-1982 FDP Hans-Dietrich Genscher
90%
1982-1992 FDP Hans-Dietrich Genscher
90%
2005-2009 SPD Frank-Walter Steinmeier
86%
2013-2017 SPD Frank-Walter Steinmeier
86%
2009-2013 FDP Guido Westerwelle
76%
2025- CDU Johann Wadephul
71%
2018-2021 SPD Heiko Maas
67%
1982 SPD Helmut Schmidt
62%
1951-1955 CDU Konrad Adenauer
62%
1969-1974 FDP Walter Scheel
62%
1961-1966 CDU Gerhard Schröder
57%
2017-2018 SPD Sigmar Gabriel
57%
1966-1969 SPD Willy Brandt
57%
1992-1998 FDP Klaus Kinkel
48%
1955-1961 CDU Heinrich von Brentano
14%
Keine übereinstimmenden Quizze gefunden
Verteilung der Resultate
Anzahl Personen mit jedem Resultat
Perzentil nach korrekt beantworteten Fragen
Ihre Resultats-Entwicklung
Sie haben dieses Quiz seit der letzten Aktualisierung nicht gespielt